Dieux de la mythologie nordique par indice - Statistiques

Statistiques générales
  • Ce quiz a été pris 105 fois
  • Le résultat moyen est 8 sur 20
Statistiques - réponses
indices Nom % Correct
dieu du tonnerre Thor
99%
chef des ases, dieu de la victoire Odin
95%
dieu du feu, de l'air et de la discorde Loki
86%
déesse des morts Hel
68%
protecteur d'Asgard, gardien du bifrost et possesseur du Gjallahorn Heimdall
64%
déesse de la beauté, de l'amour et de l'érotisme Freyja
47%
dieu de la vie, de la fécondité, chef des vanes et frère de la déesse de la beauté Freyr
46%
dieu de la guerre Tyr
43%
dieu de la lumière et de la beauté Baldur
36%
déesse de l'amour et femme du chef des Ases Frigg
32%
femme de Thor et déesse du grain Sif
30%
fils du dieu du tonnerre, dieu de la force Magni
28%
dieu de la sagesse et de la connaissance Mímir
25%
déesse du soleil Sól
25%
autre fils de Thor Modi
22%
déesse de la longévité, gardienne des pommes de jouvence Idunn
14%
dieu de la lune Máni
14%
fille de Thor, déesse de la vigueur Thrúd
11%
déesse de la nuit Nótt
9%
déesse de la terre Jörd
7%
Aucun quiz correspondant
Distribution des résultats
% des personnes avec chaque résultat
Percentile par nombre de réponses
Votre historique - résultats
Vous n’avez pas pris ce quiz